Nehnuteľnosti ako jedna z foriem alternatívneho investovania diplomová práca

Uložené v:
Podrobná bibliografia
Hlavný autor: Obtulovičová, Lenka
Korporativný autor: Fakulta podnikového manažmentu EU. Katedra podnikových financií
Ďalší autori: Škriniar, Pavel, 1979-
Médium: Kniha
Jazyk:Slovak
Vydavateľské údaje: Bratislava 2018
Tagy: Pridať tag
Žiadne tagy, Buďte prvý, kto otaguje tento záznam!

MARC

LEADER 00000nbm a2200000 4500
001 0244967
005 20181001111145.7
041 0 |a slo 
044 |a SK 
245 1 0 |a Nehnuteľnosti ako jedna z foriem alternatívneho investovania  |b diplomová práca  |c Lenka Obtulovičová ; školiteľ: Pavel Škriniar 
264 1 |a Bratislava  |c 2018 
300 |a 60 s. 
100 1 |a Obtulovičová, Lenka 
700 1 |a Škriniar, Pavel, 1979- 
710 2 |a Fakulta podnikového manažmentu EU. Katedra podnikových financií